000 00997cam a2200265 4500
001 ABS66636
008 030429n2003 000 0 eng u
035 _a(Sirsi) u122109
100 _aJagboro, G.
245 _aApplication of Horner's theory: the pricing of preliminaries in building projects
260 _c2003
490 _aBuilding Economist
_vMarch 2003, 22-28(7)
520 _aLooks at the application of Horner's Theory, which argues that 80% of the value of the bill of quantities is accounted for by 20% of the bill items. Suggests that estimaters should concentrate more on the pricing of these cost significant preliminaries when preparing estimates for tender purposes.
590 _aABS
650 _aHORNER'S THEORY
650 _aBILLS OF QUANTITIES
650 _aESTIMATING
650 _aPRELIMINARIES
650 _aTENDERING
650 _aPRICING
650 _aBUILDING PROJECTS
690 _aQuantity surveying
_96263
700 _aBabalola, O.
942 _n0
999 _c72560
_d72560